Chaines de Markov sur les permutations

Saved in:
Bibliographic Details
Main Author: Dies, Jacques-Edouard 1948-
Format: Book
Language:French
Published: Berlin : Springer-Verlag, 1983
Series:Lecture notes in mathematics (Springer-Verlag) ; 1010
Subjects:
Tags: Add Tag
No Tags, Be the first to tag this record!

MARC

LEADER 00000nam a2200000 i 4500
001 1/60647
008 941103s1983 fre d
020 |a 3-540-12669-4 
035 |a 1993  |l 10046296 
040 |a GR-MY-UA  |b gre  |e aacr 
041 0 |a fre 
082 0 |a 519.233 
100 1 |a Dies, Jacques-Edouard  |d 1948- 
245 1 0 |a Chaines de Markov sur les permutations /  |c Jacques-Edouard Dies 
260 |a Berlin :   |b Springer-Verlag,   |c 1983 
300 |a ix, 226 p.;  |c 25 cm. 
490 1 |a Lecture notes in mathematics (Springer-Verlag)  |v ; 1010 
500 |a Includes bibliographical references and index 
650 0 0 |a Markov processes. 
650 0 0 |a Permutations. 
830 0 |a Lecture notes in mathematics (Springer-Verlag)  |v ; 1010 
852 |a INST  |b SAMOS  |e 19941103  |h 519.233 DIE  |p 005300008288  |q 005300008288  |t BK  |y 0 
909 |a Σ  |b 028889